{"text_format":"3","workbook":"xlsx","n_sheets":2,"sheets":["SUMMARY","MATERIAL TAKE-OFF"],"not_rendered":{"charts":1,"images":3,"defined_names":3},"read":"whole","date_system":"1900"}

{"sheet":"SUMMARY","index":0,"n_rows":18,"n_cols":4,"rows_kept":18,"merged":[[12,0,12,1],[13,0,13,3],[17,0,17,1]]}
[]
["Project ID:"]
[]
["Address:"]
[]
["No. of Floors:",2]
[]
["Building GSF",2475]
[]
["DIVISION NO.","DESCRIPTION","TOTAL DIV. COST","TOTAL DIV. COST (PER SF)"]
[1000,"General Requirements",{"$f":"'MATERIAL TAKE-OFF'!P19","v":{"v":3406.088642382676,"d":"$3,406"}},{"$f":"C11/$B$8","v":{"v":1.3761974312657277,"d":"$1.38"}}]
[7000,"Thermal And Moisture Protection",{"$f":"'MATERIAL TAKE-OFF'!P29","v":{"v":28791.958092837496,"d":"$28,792"}},{"$f":"C12/$B$8","v":{"v":11.633114380944443,"d":"$11.63"}}]
["PROJECTED COST",null,{"$f":"SUM(C11:C12)","v":{"v":32198.046735220174,"d":"$32,198"}},{"$f":"SUM(D11:D12)","v":{"v":13.009311812210171,"d":"$13"}}]
[]
["OVERHEAD AND PROFIT",{"v":0.2,"d":"20%"},{"$f":"$C$13*B15","v":{"v":6439.6093470440355,"d":"$6,440"}},{"$f":"$D$13*B15","v":{"v":2.6018623624420343,"d":"$3"}}]
["INSURANCE",{"v":0.03,"d":"3%"},{"$f":"$C$13*B16","v":{"v":965.9414020566052,"d":"$966"}},{"$f":"$D$13*B16","v":{"v":0.3902793543663051,"d":"$0"}}]
["CONTINGENCY",{"v":0.05,"d":"5%"},{"$f":"$C$13*B17","v":{"v":1609.9023367610089,"d":"$1,610"}},{"$f":"$D$13*B17","v":{"v":0.6504655906105086,"d":"$1"}}]
["SUGGESTED BASE BID",null,{"$f":"SUM(C13:C17)","v":{"v":41213.499821081816,"d":"$41,213"}},{"$f":"SUM(D13:D17)","v":{"v":16.65191911962902,"d":"$17"}}]

{"sheet":"MATERIAL TAKE-OFF","index":1,"n_rows":47,"n_cols":17,"rows_kept":47,"merged":[[2,10,2,11],[2,12,2,13],[3,10,3,11],[3,12,3,13],[4,10,4,11],[4,12,4,13],[5,10,5,11],[5,12,5,13],[6,10,6,11],[6,12,6,13],[7,10,7,11],[7,12,7,13],[10,1,10,14],[20,1,20,14],[21,1,27,1],[29,0,29,12],[30,0,30,13],[31,0,31,13],[32,0,32,13],[33,0,33,13],[34,0,34,12],[36,1,36,14]]}
[]
[]
["Project: "]
[]
["Address:"]
[]
["Scope:","Insulation"]
[]
["Date:"]
["SR #","REF","DESCRIPTION","QUANTITY","UNIT","WASTAGE","QUANTITY W/ WASTAGE","LABOR HOURS","WAGES","TOTAL LABOR  HOUR","TOTAL LABOUR COST","MATERIAL RATE","TOTAL MATETRIAL COST","EQUIPMENT RATE","TOTAL EQUIPMENT COSTS","SUB COST"]
[null,"01. GENERAL REQUIREMENTS"]
[1,null,"Supervision and Coordination",1,"LS",{"v":0,"d":"0%"},{"$f":"(F12*D12)+D12","v":{"v":1,"d":"1.00"}},{"$f":"2.5%*$Q$12/I12","v":{"v":13.78661084698214,"d":"13.787"}},{"v":52.21,"d":"$52.21"},{"$f":"H12*G12","v":{"v":13.78661084698214,"d":"13.79"}},{"$f":"I12*J12","v":{"v":719.7989523209375,"d":"$719.80"}},{"v":0,"d":"$0.00"},{"$f":"L12*G12","v":{"v":0,"d":"$0.00"}},{"v":0,"d":"$0.00"},{"$f":"N12*G12","v":{"v":0,"d":"$0.00"}},{"$f":"IF(D12=\"\",\"\",(K12+M12+O12))","v":{"v":719.7989523209375,"d":"$719.80"}},{"$f":"SUM(P22:P29)/2","v":{"v":28791.958092837496,"d":"$28,791.96"}}]
[{"$f":"A12+1","v":2},null,"Submittals and Shop drawings",1,"LS",{"v":0,"d":"0%"},{"v":1,"d":"1.00"},{"$f":"1.65%*$Q$12/I13","v":{"v":9.09916315900821,"d":"9.099"}},{"v":52.21,"d":"$52.21"},{"v":9.09916315900821,"d":"9.10"},{"v":475.06730853181864,"d":"$475.07"},{"v":0,"d":"$0.00"},{"v":0,"d":"$0.00"},{"v":0,"d":"$0.00"},{"v":0,"d":"$0.00"},{"v":475.06730853181864,"d":"$475.07"}]
[3,null,"Final Cleaning",1,"LS",{"v":0,"d":"0%"},{"v":1,"d":"1.00"},{"$f":"0.85%*$Q$12/I14","v":{"v":4.687447687973927,"d":"4.687"}},{"v":52.21,"d":"$52.21"},{"v":4.687447687973927,"d":"4.69"},{"v":244.73164378911875,"d":"$244.73"},{"v":0,"d":"$0.00"},{"v":0,"d":"$0.00"},{"v":0,"d":"$0.00"},{"v":0,"d":"$0.00"},{"v":244.73164378911875,"d":"$244.73"}]
[4,null,"Mobilization Costs",1,"LS",{"v":0,"d":"0%"},{"v":1,"d":"1.00"},{"$f":"2.35%*$Q$12/I15","v":{"v":12.959414196163209,"d":"12.959"}},{"v":52.21,"d":"$52.21"},{"v":12.959414196163209,"d":"12.96"},{"v":676.6110151816812,"d":"$676.61"},{"v":0,"d":"$0.00"},{"v":0,"d":"$0.00"},{"v":0,"d":"$0.00"},{"v":0,"d":"$0.00"},{"v":676.6110151816812,"d":"$676.61"}]
[5,null,"Bond @ 2%",1,"LS",{"v":0,"d":"0%"},{"v":1,"d":"1.00"},{"$f":"2%*$Q$12/I16","v":{"v":11.02928867758571,"d":"11.029"}},{"v":52.21,"d":"$52.21"},{"v":11.02928867758571,"d":"11.03"},{"v":575.8391618567499,"d":"$575.84"},{"v":0,"d":"$0.00"},{"v":0,"d":"$0.00"},{"v":0,"d":"$0.00"},{"v":0,"d":"$0.00"},{"v":575.8391618567499,"d":"$575.84"}]
[6,null,"Temporary Control & Facilities",1,"LS",{"v":0,"d":"0%"},{"v":1,"d":"1.00"},{"$f":"0.98%*$Q$12/I17","v":{"v":5.404351452016998,"d":"5.404"}},{"v":52.21,"d":"$52.21"},{"v":5.404351452016998,"d":"5.40"},{"v":282.16118930980747,"d":"$282.16"},{"v":0,"d":"$0.00"},{"v":0,"d":"$0.00"},{"v":0,"d":"$0.00"},{"v":0,"d":"$0.00"},{"v":282.16118930980747,"d":"$282.16"}]
[7,null,"Scaffolding",1,"LS",{"v":0,"d":"0%"},{"v":1,"d":"1.00"},{"$f":"1.5%*$Q$12/I18","v":{"v":8.271966508189282,"d":"8.272"}},{"v":52.21,"d":"$52.21"},{"v":8.271966508189282,"d":"8.27"},{"v":431.8793713925624,"d":"$431.88"},{"v":0,"d":"$0.00"},{"v":0,"d":"$0.00"},{"v":0,"d":"$0.00"},{"v":0,"d":"$0.00"},{"v":431.8793713925624,"d":"$431.88"}]
[{"$f":"IF(E19=0,\"\",1+MAX(#REF!))","v":""},{"$nulls":13},"SUBTOTAL",{"$f":"SUM(P12:P18)","v":{"v":3406.088642382676,"d":"$3,406.09"}}]
[{"$f":"IF(E20=0,\"\",1+MAX(A19:A19))","v":""}]
[{"$f":"IF(E21=0,\"\",1+MAX(A19:A20))","v":""},"07. THERMAL AND MOISTURE PROTECTION"]
[{"$f":"IF(E22=0,\"\",1+MAX(#REF!))","v":""},null,"Insulation"]
[{"$f":"IF(D23=0,\"\",1+MAX(A$12:A22))","v":8},null,"R-15 Roof Insulation (3'' Thick Rigid Roof Insulation) Polyisocyanurate",{"v":1963.44,"d":"1,963.44"},"SF",{"v":0.1,"d":"10%"},{"$f":"(F23*D23)+D23","v":{"v":2159.784,"d":"2159.78"}},{"v":0.045,"d":"0.05"},{"v":42.56,"d":"$42.56"},{"$f":"H23*G23","v":{"v":97.19028,"d":"97.19"}},{"$f":"I23*J23","v":{"v":4136.4183168,"d":"$4,136.42"}},{"v":2.0439192708333334,"d":"$2.04"},{"$f":"L23*G23","v":{"v":4414.4241384375,"d":"$4,414.42"}},{"v":0,"d":"$0.00"},{"$f":"N23*G23","v":{"v":0,"d":"$0.00"}},{"$f":"IF(D23=\"\",\"\",(K23+M23+O23))","v":{"v":8550.8424552375,"d":"$8,550.84"}}]
[{"$f":"IF(D24=0,\"\",1+MAX(A$12:A23))","v":9},null,"Polyisocyanurate Foam Core Insulation (R-20)",{"v":1600,"d":"1,600.00"},"SF",{"v":0.1,"d":"10%"},{"v":1760,"d":"1760.00"},{"v":0.038,"d":"0.04"},{"v":42.56,"d":"$42.56"},66.88,{"v":2846.4128,"d":"$2,846.41"},{"v":2.9359375,"d":"$2.94"},{"v":5167.25,"d":"$5,167.25"},{"v":0,"d":"$0.00"},{"v":0,"d":"$0.00"},{"v":8013.6628,"d":"$8,013.66"}]
[{"$f":"IF(D25=0,\"\",1+MAX(A$12:A24))","v":10},null,"R-19 Batt Insulation At Ext. Walls",{"v":2782,"d":"2,782.00"},"SF",{"v":0.1,"d":"10%"},{"v":3060.2,"d":"3060.20"},0.02,{"v":42.56,"d":"$42.56"},{"v":61.204,"d":"61.20"},{"v":2604.84224,"d":"$2,604.84"},{"v":0.63,"d":"$0.63"},{"v":1927.926,"d":"$1,927.93"},{"v":0,"d":"$0.00"},{"v":0,"d":"$0.00"},{"v":4532.768239999999,"d":"$4,532.77"}]
[{"$f":"IF(D26=0,\"\",1+MAX(A$12:A25))","v":11},null,"R-19 Batt Insulation At Int. Walls",{"v":565,"d":"565.00"},"SF",{"v":0.1,"d":"10%"},{"v":621.5,"d":"621.50"},0.02,{"v":42.56,"d":"$42.56"},12.43,{"v":529.0208,"d":"$529.02"},{"v":0.63,"d":"$0.63"},{"v":391.545,"d":"$391.55"},{"v":0,"d":"$0.00"},{"v":0,"d":"$0.00"},{"v":920.5658000000001,"d":"$920.57"}]
[{"$f":"IF(D27=0,\"\",1+MAX(A$12:A28))","v":12},null,"R-19 Batt Insulation In Walls",{"v":3903,"d":"3,903.00"},"SF",{"v":0.1,"d":"10%"},{"$f":"(F27*D27)+D27","v":{"v":4293.3,"d":"4293.30"}},0.02,{"v":42.56,"d":"$42.56"},{"$f":"H27*G27","v":{"v":85.866,"d":"85.87"}},{"$f":"I27*J27","v":{"v":3654.45696,"d":"$3,654.46"}},{"v":0.63,"d":"$0.63"},{"$f":"L27*G27","v":{"v":2704.779,"d":"$2,704.78"}},{"v":0,"d":"$0.00"},{"$f":"N27*G27","v":{"v":0,"d":"$0.00"}},{"$f":"IF(D27=\"\",\"\",(K27+M27+O27))","v":{"v":6359.23596,"d":"$6,359.24"}}]
[{"$f":"IF(D28=0,\"\",1+MAX(A$12:A23))","v":9},null,"Tapered Roof Insulation Cricket",161.05,"SF",{"v":0.1,"d":"10%"},{"v":177.155,"d":"177.16"},{"v":0.032,"d":"0.03"},{"v":42.56,"d":"$42.56"},{"v":5.66896,"d":"5.67"},{"v":241.27093760000002,"d":"$241.27"},{"v":0.98,"d":"$0.98"},{"v":173.6119,"d":"$173.61"},{"v":0,"d":"$0.00"},{"v":0,"d":"$0.00"},{"v":414.8828376,"d":"$414.88"}]
[{"$f":"IF(E29=0,\"\",1+MAX(A22:A28))","v":""},{"$nulls":13},"SUBTOTAL",{"$f":"SUM(P22:P28)","v":{"v":28791.958092837496,"d":"$28,791.96"}}]
[]
["PROJECTED COST",{"$nulls":14},{"$f":"SUM(P11:P30)/2","v":{"v":32198.046735220174,"d":"$32,198"}}]
["OVERHEAD AND PROFIT",{"$nulls":13},{"v":0.2,"d":"20%"},{"$f":"$P$31*O32","v":{"v":6439.6093470440355,"d":"$6,440"}}]
["INSURANCE",{"$nulls":13},{"v":0.03,"d":"3%"},{"$f":"$P$31*O33","v":{"v":965.9414020566052,"d":"$966"}}]
["CONTINGENCY",{"$nulls":13},{"v":0.05,"d":"5%"},{"$f":"$P$31*O34","v":{"v":1609.9023367610089,"d":"$1,610"}}]
["SUGGESTED BID",{"$nulls":14},{"$f":"SUM(P31:P34)","v":{"v":41213.499821081816,"d":"$41,213"}}]
["NOTES:"]
[null,"General Notes: The prices used while preparing the estimate were taken from RSMeans online i.e. the standard pricing. So, it is preferred to review the prices."]
[]
[null,null,"Note",{"$nulls":9},"Legend"]
[null,1,"The drawings are scaled as per the mentioned scales on the plans.",{"$nulls":9},"LBS = Pound "]
[{"$nulls":12},"SF= Square Feet"]
[{"$nulls":12},"LF = Linear Feet"]
[{"$nulls":12},"EA = Each"]
[{"$nulls":12},"CY = Cubic Yard"]
[{"$nulls":12},"SY = Square Yard"]
[{"$nulls":12},"LOC = Location"]
[{"$nulls":12},"LS = Lum Sum"]